<?xml version="1.0" encoding="UTF-8"?>
<collection xmlns="http://www.loc.gov/MARC21/slim">
 <record>
  <leader>01213nam a2200301 a 4500</leader>
  <controlfield tag="001">3062981</controlfield>
  <controlfield tag="003">BD-DhAAL</controlfield>
  <controlfield tag="008">090701r20031993enka     b    001 0 eng d</controlfield>
  <datafield tag="999" ind1=" " ind2=" ">
   <subfield code="c">1941</subfield>
   <subfield code="d">1941</subfield>
  </datafield>
  <datafield tag="020" ind1=" " ind2=" ">
   <subfield code="a">0714838985</subfield>
  </datafield>
  <datafield tag="020" ind1=" " ind2=" ">
   <subfield code="a">0714828092 (v. 1)</subfield>
  </datafield>
  <datafield tag="040" ind1=" " ind2=" ">
   <subfield code="a">DLC</subfield>
   <subfield code="c">DLC</subfield>
   <subfield code="d">DLC</subfield>
  </datafield>
  <datafield tag="082" ind1="0" ind2="0">
   <subfield code="a">720.92 </subfield>
   <subfield code="2">21</subfield>
  </datafield>
  <datafield tag="100" ind1="1" ind2=" ">
   <subfield code="a">Buchanan, Peter.</subfield>
   <subfield code="9">30176</subfield>
  </datafield>
  <datafield tag="245" ind1="1" ind2="0">
   <subfield code="a">Renzo Piano Building Workshop :</subfield>
   <subfield code="b">complete works /</subfield>
   <subfield code="c">Peter Buchanan.</subfield>
  </datafield>
  <datafield tag="246" ind1="3" ind2="0">
   <subfield code="a">Complete works</subfield>
  </datafield>
  <datafield tag="260" ind1=" " ind2=" ">
   <subfield code="a">London ;</subfield>
   <subfield code="a">New York :</subfield>
   <subfield code="b">Phaidon Press,</subfield>
   <subfield code="c">c1993 [Reprinted 2003]</subfield>
  </datafield>
  <datafield tag="300" ind1=" " ind2=" ">
   <subfield code="a">240p. :</subfield>
   <subfield code="b">ill. (some col.) ;</subfield>
   <subfield code="c">31 cm.</subfield>
  </datafield>
  <datafield tag="504" ind1=" " ind2=" ">
   <subfield code="a">Includes bibliographical references and indexes.</subfield>
  </datafield>
  <datafield tag="541" ind1="1" ind2=" ">
   <subfield code="e">00013774</subfield>
  </datafield>
  <datafield tag="600" ind1="1" ind2="0">
   <subfield code="a">Piano, Renzo</subfield>
   <subfield code="v">Catalogs.</subfield>
   <subfield code="9">30177</subfield>
  </datafield>
  <datafield tag="600" ind1="1" ind2="0">
   <subfield code="a">Piano, Renzo</subfield>
   <subfield code="x">Themes, motives.</subfield>
   <subfield code="9">30178</subfield>
  </datafield>
  <datafield tag="610" ind1="2" ind2="0">
   <subfield code="a">Renzo Piano Building Workshop</subfield>
   <subfield code="v">Catalogs.</subfield>
   <subfield code="9">30179</subfield>
  </datafield>
  <datafield tag="610" ind1="2" ind2="0">
   <subfield code="a">Renzo Piano Building Workshop</subfield>
   <subfield code="x">Themes, motives.</subfield>
   <subfield code="9">30180</subfield>
  </datafield>
  <datafield tag="650" ind1=" " ind2="0">
   <subfield code="a">Architecture, Modern</subfield>
   <subfield code="y">20th century</subfield>
   <subfield code="x">Designs and plans.</subfield>
   <subfield code="9">30181</subfield>
  </datafield>
  <datafield tag="852" ind1="4" ind2=" ">
   <subfield code="a">Ayesha Abed Library</subfield>
   <subfield code="j">General shelf </subfield>
  </datafield>
  <datafield tag="942" ind1=" " ind2=" ">
   <subfield code="2">ddc</subfield>
   <subfield code="c">BK</subfield>
  </datafield>
  <datafield tag="952" ind1=" " ind2=" ">
   <subfield code="0">0</subfield>
   <subfield code="1">0</subfield>
   <subfield code="2">ddc</subfield>
   <subfield code="4">0</subfield>
   <subfield code="6">720_920000000000000_BUC_2003</subfield>
   <subfield code="7">0</subfield>
   <subfield code="9">1781</subfield>
   <subfield code="a">BRACUL</subfield>
   <subfield code="b">BRACUL</subfield>
   <subfield code="c">GEN</subfield>
   <subfield code="d">2009-07-01</subfield>
   <subfield code="g">3250.00</subfield>
   <subfield code="l">7</subfield>
   <subfield code="m">42</subfield>
   <subfield code="o">720.92 BUC</subfield>
   <subfield code="p">3010013774</subfield>
   <subfield code="r">2019-02-10</subfield>
   <subfield code="s">2018-10-18</subfield>
   <subfield code="t">1</subfield>
   <subfield code="w">2009-07-01</subfield>
   <subfield code="y">BK</subfield>
  </datafield>
 </record>
</collection>
